00706nam a2200181 a 450000500170000000800410001704100080005804400070006624500290007326000450010230000090014752002590015665000120041565000240042765000250045165000260047665000220050220191224041852.0140129b ck ||||| |||| 00| 0 spa d aspa ack aVivero la hermosa Bachue aBogotábIAVHbFundación Pangeacs.f. a6 p. aEl plegable brinda información sobre las diferentes especies forestales, medicinales, ornamentales y frutales presentes en el vivero. Con respecto a las especies forestales presenta información de los usos que prestan, nombres comunes y científicos aViveros aEspecies forestales aEspecies medicinales aEspecies ornamentales aEspecies frutales